Metodología de la investigación: (Registro nro. 13273)

Detalles MARC
000 -Cabecera
Campo de control interno 01109nam a2200229Ia 4500
005 - Fecha y hora del registro
control field 20260408113522.0
008 - Elementos de Longitud Fija
fixed length control field 260306t2018||||xx |||||||||||||| ||spa||
041 ## - Idioma
Codigo Idioma ESP
082 ## - DEWEY y NOTACIÓN INTERNA
Dewey 001.42
Notación Interna H45A
100 ## - AUTOR
Autor denominación Hernández-Sampieri, Roberto
Término de relación autor
245 #0 - TÍTULO DE MATERIAL BIBLIOGRÁFICO
Título Metodología de la investigación:
Título paralelo las rutas cuantitativa, cualitativa y mixta
260 ## - CIUDAD, EDITORIAL, AÑO
Año 2018
300 ## - DESCRIPCIÓN
N° Páginas xxxvii, 714 páginas :
Dimensiones 27 cm.
650 ## - TEMAS
Temas Generalidades
654 ## - PROGRAMAS
Programa Dpto. de Humanidades
856 ## - URL - UBICACIÓN
URI/URL: Enlace exacto del recurso <a href="https://0u213vm3u-y-https-ebooks7--24-com.itmsp.museknowledge.com/?il=31455&pg=s9ml/chapter01/untitled_page.xhtml#data-uuid-2444ba362b7443d98fb9468e13b48f12">https://0u213vm3u-y-https-ebooks7--24-com.itmsp.museknowledge.com/?il=31455&pg=s9ml/chapter01/untitled_page.xhtml#data-uuid-2444ba362b7443d98fb9468e13b48f12</a>
Nota pública: Versión digital <a href="Versión digital (2023)">Versión digital (2023)</a>
856 ## - URL - UBICACIÓN
URI/URL: Enlace exacto del recurso <a href="https://0u213vm4m-y-https-ebooks7--24-com.itmsp.museknowledge.com/biblioteca.aspx">https://0u213vm4m-y-https-ebooks7--24-com.itmsp.museknowledge.com/biblioteca.aspx</a>
Nota pública: Versión digital <a href="Véase además: Base de datos Ebook7-24">Véase además: Base de datos Ebook7-24</a>
856 ## - URL - UBICACIÓN
URI/URL: Enlace exacto del recurso <a href="https://0u20fvm4p-y-https-research-ebsco-com.itmsp.museknowledge.com/c/qxo6us/search">https://0u20fvm4p-y-https-research-ebsco-com.itmsp.museknowledge.com/c/qxo6us/search</a>
Nota pública: Versión digital <a href="Véase además: Base de datos EBSCOhost">Véase además: Base de datos EBSCOhost</a>
856 ## - URL - UBICACIÓN
URI/URL: Enlace exacto del recurso <a href="https://0u20yvm5a-y-https-www-bibliotechnia-com-mx.itmsp.museknowledge.com/">https://0u20yvm5a-y-https-www-bibliotechnia-com-mx.itmsp.museknowledge.com/</a>
Nota pública: Versión digital <a href="Véase además: Base de datos BiblioTechnia">Véase además: Base de datos BiblioTechnia</a>
942 ## - ELEMENTOS DE KOHA
Tipo de documento Libro
Nombre del creador Justo Noguera
Código de catalogador Justo Noguera
Esquema de clasificación Dewey Decimal Classification
Existencias
Codigo completo Registro Colección Copia número Disponibilidad Tipo de préstamo Biblioteca Actual Procedencia (Biblioteca) Ubicacón Fecha Ingreso Tipo de Adquisición Date last seen Total checkouts Price effective from Tipo de Item Estado del Material Fuente de Clasificación Damaged status Withdrawn status
001.42 H45A 1068898 Universidad Católica San Pablo 1 Disponible Disponible Víctor Andrés Belaunde Víctor Andrés Belaunde Segundo piso 03/06/2026 Compra 06/03/2026   06/03/2026 Libro Bueno Dewey Decimal Classification    
001.42 H45A 1068899 Universidad Católica San Pablo 2 Disponible Disponible Víctor Andrés Belaunde Víctor Andrés Belaunde Segundo piso 03/06/2026 Compra 06/03/2026   06/03/2026 Libro Bueno Dewey Decimal Classification